Match the Character to the Video Game - Statistics

General Stats
  • This quiz has been taken 21 times
  • The average score is 8 of 24
Answer Stats
Hint Answer % Correct
Nathan Drake Uncharted
75%
Sephiroth Final Fantasy
58%
Samus Aran Metroid
58%
Johnny Cage Mortal Kombat
50%
Simon Belmont Castlevania
42%
Dante Devil May Cry
42%
Peppino Spaghetti Pizza Tower
42%
Albert Wesker Resident Evil
42%
Heihachi Mishima Tekken
42%
Hilda Berg Cuphead
33%
Zenyatta Overwatch
33%
Miles “Tails” Prower Sonic the Hedgehog
33%
Vaas Montenegro Far Cry
25%
Cortana Halo
25%
Commander Shepard Mass Effect
25%
Ness Mother
25%
Doc Louis Punch Out!!
25%
E. Honda Street Fighter
25%
Shulk Xenoblade Chronicles
25%
Cole MacGrath Infamous
17%
Albert Wily Megaman
17%
Pyramid Head Silent Hill
17%
Asgore Dreemurr Undertale
17%
Sweet Tooth Twisted Metal
8%
No matching quizzes found
Score Distribution
Percent of People with Each Score
Percentile by Number Answered
Your Score History
You have not taken this quiz